Największe państwa bez lodowców - Statystyki

Ogólne statystyki
  • Ten quiz został rozwiązany 1 882 razy
  • Średni wynik to 14 z 20
Statystyki odpowiedzi
km² Państwo % Poprawnych
8 515 767 Brazylia
98%
2 381 741 Algieria
86%
1 002 450 Egipt
84%
1 221 037 Republika Południowej Afryki
81%
1 267 000 Niger
79%
1 861 484 Sudan
78%
2 149 690 Arabia Saudyjska
77%
1 759 540 Libia
76%
923 768 Nigeria
76%
1 284 000 Czad
74%
1 240 192 Mali
70%
1 104 300 Etiopia
67%
1 030 700 Mauretania
65%
1 246 700 Angola
64%
644 329 Sudan Południowy
62%
825 615 Namibia
60%
801 590 Mozambik
56%
637 657 Somalia
56%
752 612 Zambia
54%
622 984 Republika Środkowoafrykańska
51%
Nie znaleziono quizów pasujących do podanych kryteriów
Rozkład punktacji
Procent ludzi z każdym wynikiem
Percentyl według liczby udzielonych odpowiedzi
Twoja historia wyników
Nie rozwiązałeś tego quizu